000 005060000a22001690004500
041 0 _aENG
082 0 4 _aG 199.4 E652c
100 1 _aErasmo de Rotterdam, Desiderio (c. 1466-1536)
245 1 0 _aTen colloquies / Erasmus ; Craig Thompson, Traducción, introducción y notas
260 _aIndianapolis, N.Y., USA : Bobbs-Merrill
300 _aXXX, 174 Pag.
001 1414
942 _cBK
999 _c32737
_d32737
336 _atexto
_btxt
_2rdacontent
337 _2rdamedia
_asin mediación
_bn
338 _2rdacarrier
_avolumen
_bnc